Statistiken für Benenne dieses Element

Klicken Sie hier um das Quiz zu spielen!

Allgemein

  • Dieses Quiz wurde 148 mal gespielt
  • Das Durchschnittsergebnis liegt bei 14 aus 24

Antwortstatistiken

HinweisAntwort% Korrekt
Erstes Element im PeriodensystemWasserstoff
95%
Verwendet in ThermometernQuecksilber
94%
Äußere Schicht von CentKupfer
91%
Hat das Symbol ZnZink
90%
Diamanten sind daraus gemachtKohlenstoff
81%
Benannt nach DeutschlandGermanium
80%
Zusammen mit Chlor macht es SalzNatrium
76%
Element beginnt mit XXenon
75%
Riecht wie faule EierSchwefel
74%
Am verbreitet in der AtmosphäreStickstoff
73%
Formbar, duktil und wertvollGold
63%
Argentinien ist dafür benanntSilber
57%
Häufigstes Element im menschlichen KörperSauerstoff
52%
Bronze ist aus Kupfer und dies gemachtZinn
51%
Die daraus hergestellten Rohre werden ersetztBlei
48%
Nährstoff in Bananen gefundenKalium
48%
Benannt nach dem griechischen Wort für SonneHelium
47%
In Milch gefundenCalcium
45%
Verwendet in einer einst beliebten Art von WerbeschildNeon
44%
Extrem giftiges MetalloidArsen
38%
Auch der Name eines kalifornischen "Tal"Silicium
31%
Hat eine Ordnungszahl von 12Magnesium
28%
Kommt zwischen Uran und PlutoniumNeptunium
27%
Früher wurde es auf die Zeiger von Uhren gemalt, um sie zum Leuchten zu bringenRadium
14%

Verteilung der Resultate

Perzentil nach korrekt beantworteten Fragen

Anzahl Personen mit jedem Resultat

Ihre Resultats-Entwicklung

Sie haben dieses Quiz noch nicht gespielt